Capitales les plus proches de l'île Kerguelen A-Z - Statistiques

Statistiques générales
  • Ce quiz a été pris 12 fois
    9 depuis la dernière actualisation
  • Le résultat moyen est 14 sur 24
Statistiques - réponses
Km Capitales % Correct
A Antananarivo
89%
M Maputo
89%
D Dodoma
78%
N Nairobi
78%
W Windhoek
78%
F Freetown
67%
H Harare
67%
I Islamabad
67%
L Lilongwe
67%
Y Yaoundé
67%
Z Zagreb
67%
E Erevan
56%
G Gaborone
56%
J Jakarta
56%
K Kigali
56%
O Ouagadougou
56%
P Port-Louis
56%
Q Quito
56%
B Brazzaville
44%
R Riyad
44%
S Singapour
44%
V Victoria
44%
T Téhéran
33%
C Colombo
22%
Aucun quiz correspondant
Distribution des résultats
% des personnes avec chaque résultat
Percentile par nombre de réponses
Votre historique - résultats
Vous n’avez pas pris ce quiz depuis la dernière actualisation